Ruling stadium moves offside. (Record no. 60486)
[ view plain ]
| 000 -LEADER | |
|---|---|
| fixed length control field | 00817cam a2200181 4500 |
| 001 - CONTROL NUMBER | |
| control field | ABS60834 |
| 008 - FIXED-LENGTH DATA ELEMENTS--GENERAL INFORMATION | |
| fixed length control field | 000000n1999 000 0 eng u |
| 035 ## - SYSTEM CONTROL NUMBER | |
| System control number | (Sirsi) u101339 |
| 100 ## - MAIN ENTRY--PERSONAL NAME | |
| Personal name | Dewar, D. |
| 245 ## - TITLE STATEMENT | |
| Title | Ruling stadium moves offside. |
| 260 ## - PUBLICATION, DISTRIBUTION, ETC. | |
| Date of publication, distribution, etc. | 1999 |
| 490 ## - SERIES STATEMENT | |
| Series statement | Planning (for the Natural and Built Environment) |
| Volume/sequential designation | (1323) 18 June 1999, 14(1) |
| 520 ## - SUMMARY, ETC. | |
| Summary, etc. | Looks at government attitudes to the development of football stadia, which some have characterised as being too sympathetic. Concludes that this government's approach to football stadia schemes differs little from the last government's. Includes a list of planning decisions on football stadia relocations under the Labour. |
| 650 ## - SUBJECT ADDED ENTRY--TOPICAL TERM | |
| Topical term or geographic name entry element | FOOTBALL STADIA |
| 650 ## - SUBJECT ADDED ENTRY--TOPICAL TERM | |
| Topical term or geographic name entry element | PLANNING APPLICATIONS |
| 690 ## - LOCAL SUBJECT ADDED ENTRY--TOPICAL TERM (OCLC, RLIN) | |
| Topical term or geographic name as entry element | PLANNING LAW AND PRACTICE |
| 942 ## - ADDED ENTRY ELEMENTS (KOHA) | |
| Suppress in OPAC | 0 |
| Withdrawn status | Lost status | Source of classification or shelving scheme | Damaged status | Not for loan | Home library | Current library | Shelving location | Date acquired | Total Checkouts | Full call number | Barcode | Date last seen | Copy number | Price effective from | Koha item type |
|---|---|---|---|---|---|---|---|---|---|---|---|---|---|---|---|
| Dewey Decimal Classification | London | London | Journal article | 03/11/1999 | ABS60834 | 101339-1001 | 06/08/2019 | 1 | 06/08/2019 | Journal article |